[Event "IX EICC"]
[Site "Plovdiv BUL"]
[Date "2008.04.30"]
[Round "9"]
[White "Zhigalko,S"]
[Black "Sebenik,M"]
[Result "1-0"]
[WhiteElo "2568"]
[BlackElo "2502"]

1.e4 d6 2.d4 Nf6 3.Nc3 e5 4.Nf3 Nbd7 5.Bc4 Be7 6.O-O O-O 7.Re1 c6 8.a4 b6
9.b3 Bb7 10.Bb2 a6 11.Bd3 g6 12.Qd2 Re8 13.Rad1 Bf8 14.Qc1 Qc7 15.h3 exd4
16.Nxd4 Bg7 17.Nf3 Nc5 18.Qa1 Nh5 19.Bf1 b5 20.Nd2 Ne6 21.Ne2 Rad8 22.g3 c5
23.Bg2 Ng5 24.Bxg7 Nxg7 25.Nc3 b4 26.Nd5 Bxd5 27.exd5 f5 28.f4 Nf7 29.Bf1 Qa7
30.Nc4 a5 31.Qf6 Rxe1 32.Rxe1 Re8 33.Rxe8+ Nxe8 34.Qe6 Kf8 35.g4 Nd8 36.Qc8 Qe7
37.gxf5 Qh4 38.fxg6 Qg3+ 39.Bg2 Ke7 40.gxh7 Qh4 41.Qf5 Nf6 42.Nxa5 Nf7 43.Nc6+ Kf8
44.a5 Kg7 45.a6 Qe1+ 46.Kh2 Qa1 47.a7 Nxh7 48.Qc8  1-0

[Event "IX EICC"]
[Site "Plovdiv BUL"]
[Date "2008.04.30"]
[Round "9"]
[White "Nepomniachtchi,I"]
[Black "Czebe,A"]
[Result "1-0"]
[WhiteElo "2634"]
[BlackElo "2513"]

1.e4 d6 2.d4 Nf6 3.Nc3 e5 4.Nf3 Nbd7 5.g4 c6 6.g5 Nh5 7.Bc4 g6 8.Be3 b5 9.Bb3 a6
10.Qd2 Qc7 11.O-O-O Bg7 12.dxe5 dxe5 13.Qd6 Qxd6 14.Rxd6 c5 15.Bd5 Ra7 16.Bc6 Bf8
17.Bxc5 Bxd6 18.Bxa7 Ke7 19.a4 bxa4 20.Bxa4 Nf4 21.Rd1 Rd8 22.Be3 Bb7 23.Bxd7 Rxd7
24.Bxf4 exf4 25.Nd5+ Ke6 26.c4 Bc5 27.Nxf4+ Ke7 28.Nd5+ Kf8 29.Kc2 Rd6 30.Ne5 Bc8  1-0

[Event "IX EICC"]
[Site "Plovdiv BUL"]
[Date "2008.04.30"]
[Round "9"]
[White "Khalifman,A"]
[Black "Khismatullin,D"]
[Result "1-0"]
[WhiteElo "2628"]
[BlackElo "2584"]

1.e4 d6 2.Nc3 Nf6 3.d4 e5 4.Nf3 Nbd7 5.g3 c6 6.Bg2 b5 7.O-O Bb7 8.Re1 Be7
9.a4 b4 10.Nb1 O-O 11.Nbd2 exd4 12.Nxd4 Re8 13.Nf5 Ne5 14.Nxe7+ Rxe7 15.b3 c5
16.Bb2 Re8 17.Qe2 Qc7 18.f4 Ned7 19.Qd3 Re6 20.Re2 d5 21.exd5 Rxe2 22.Qxe2 Nxd5
23.Nc4 Nc3 24.Bxc3 bxc3 25.Bxb7 Qxb7 26.Qg2 Qc8 27.Re1 Rb8 28.Qf3 h6 29.Qxc3 Nf8
30.Nd6 Qd7 31.Qxc5 Ne6 32.Qe5 Rd8 33.Rd1 Qc6 34.Rd2 Qb6+ 35.Kg2 Qc6+ 36.Kg1 Qb6+
37.Kf1 Qb4 38.Rd3 Rd7 39.Qb5 Qa3 40.Qxd7 Qc1+ 41.Kg2 Qxc2+ 42.Kh3 Nxf4+ 43.gxf4 Qxd3+
44.Kh4 Qxb3 45.Qe8+ Kh7 46.Nxf7 Qb2 47.Qh8+ Kg6 48.Ne5+ Kf5 49.Qh7+  1-0

[Event "IX EICC"]
[Site "Plovdiv BUL"]
[Date "2008.04.30"]
[Round "9"]
[White "Guseinov,G"]
[Black "Maletin,P"]
[Result "1-0"]
[WhiteElo "2625"]
[BlackElo "2574"]

1.e4 d6 2.d4 Nf6 3.Nc3 e5 4.Nf3 Nbd7 5.Bc4 Be7 6.O-O O-O 7.a4 c6 8.Re1 b6
9.Ba2 a6 10.Be3 Ng4 11.Bd2 Bb7 12.Ne2 b5 13.Ng3 c5 14.Nf5 Ngf6 15.N3h4 Bxe4
16.Ba5 Qxa5 17.Nxe7+ Kh8 18.dxe5 Nxe5 19.Qxd6 Nc4 20.Qxc5 Qb6 21.Qg5 h6 22.Qg3 Qd6
23.Qxd6 Nxd6 24.Rad1 Rad8 25.f3 Bxc2 26.Rd2 Bh7 27.Red1 Rde8 28.Rxd6 Rxe7
29.f4 bxa4 30.Nf3 Re2 31.Ne5 Bg6 32.R6d2 Rxd2 33.Rxd2 Rc8 34.h3 Ne4 35.Rd4 Nc5
36.g4 Bc2 37.Rc4 Bb3 38.Bxb3 axb3 39.Nd7 a5 40.Rxc5 Rd8 41.Rd5  1-0

[Event "26th Liechtenstein Open"]
[Site "Triesen LIE"]
[Date "2008.04.30"]
[Round "6"]
[White "Keller,M1"]
[Black "Kozlov,Alex GER"]
[Result "1/2-1/2"]
[WhiteElo "2245"]
[BlackElo "2167"]

1.e4 d6 2.d4 Nf6 3.Nc3 Nbd7 4.Nf3 e5 5.Bc4 Be7 6.O-O O-O 7.Re1 c6 8.a4 b6
9.d5 cxd5 10.Nxd5 Nxd5 11.Bxd5 Rb8 12.Nd2 Nf6 13.Nf1 Nxd5 14.Qxd5 Be6 15.Qd3 f5
16.exf5 Bxf5 17.Qb3+ Kh8 18.Ne3 Bg6 19.Nd5 Bh4 20.Be3 Rc8 21.c3 Be4 22.Rad1 Qe8
23.Qb4 Qg6 24.g3 a5 25.Qb5 Qg4 26.Bxb6 Qf3 27.Rxe4 Qxe4 28.Qd3 Qxd3 29.Rxd3 Bd8
30.Bxd8 Rfxd8 31.Kg2 Ra8 32.f3 Rdb8 33.Rd2 Ra6 34.Nc7 Rc6 35.Nb5 Rd8 36.b3 Kg8
37.c4 Kf8 38.Kf2 Ke7 39.Ke3 Rc5 40.Ke4 Ke6 41.h4 g6 42.Rd1 Rd7 43.Rd2 h6
44.Rd1 Rc6 45.Rd2 Rc5  1/2-1/2

[Event "III Tch-ESP Selecciones Autonomicas"]
[Site "Melilla ESP"]
[Date "2008.05.01"]
[Round "3"]
[White "Navarrete Delgado,S"]
[Black "Teran Alvarez,I"]
[Result "0-1"]
[WhiteElo "2236"]
[BlackElo "2432"]

1.e4 d6 2.d4 Nf6 3.Nc3 c6 4.Bg5 Nbd7 5.Qd2 e5 6.Nf3 Be7 7.O-O-O O-O 8.h4 b5
9.Bxf6 Bxf6 10.d5 b4 11.Nb1 cxd5 12.Qxd5 Rb8 13.Qxd6 Rb6 14.Qd5 Qc7 15.Bc4 Rc6
16.Bb3 Nc5 17.Qd2 Nxb3+ 18.axb3 Be6 19.Ne1 Bxb3 20.Rh3 Be6 21.Rd3 Bxh4 22.Qxb4 Bg5+
23.Nd2 Bc4 24.Rc3 Be2 25.Nf3 Rxc3 26.Qxc3 Qxc3 27.bxc3 Bxf3  0-1

[Event "III Tch-ESP Selecciones Autonomicas"]
[Site "Melilla ESP"]
[Date "2008.05.01"]
[Round "3"]
[White "Fluvia Poyatos,Joa"]
[Black "Recuero Guerra,J"]
[Result "1-0"]
[WhiteElo "2459"]
[BlackElo "2332"]

1.e4 d6 2.d4 Nf6 3.Nc3 e5 4.Nf3 Nbd7 5.Bc4 Be7 6.O-O O-O 7.a4 a5 8.Re1 c6
9.Bg5 Qb6 10.Qd2 Rd8 11.h3 Nf8 12.Be3 Qc7 13.d5 Bd7 14.Bg5 Ng6 15.Nh4 Nxh4
16.Bxh4 Be8 17.Bxf6 Bxf6 18.Qd3 Bg5 19.g3 Rd7 20.h4 Bh6 21.Kg2 Re7 22.Ne2 Rc8
23.c3 Bd7 24.Red1 Rd8 25.b4 c5 26.bxa5 f5 27.a6 Rf7 28.Ng1 fxe4 29.Qxe4 Rdf8
30.Ra2 bxa6 31.Bxa6 Qa5 32.Bd3 g6 33.Qc4 Bc8 34.Rb1 Ra7 35.Rb3 Bd7 36.Qe4 Re8
37.Qe2 Re7 38.h5 Kg7 39.hxg6 hxg6 40.Qc2 Bxa4 41.Qb1 Qd8 42.Rb8 Qc7 43.Bxg6 e4
44.Bxe4 Rxe4 45.Qxe4 Qxb8 46.Rxa4 Rf7 47.Qe6 Qf8 48.Nh3 Rf6 49.Rg4+ Kh7 50.Qe4+ Kh8
51.Nf4 Bxf4 52.Rxf4 Rxf4 53.Qxf4 Qb8 54.g4 Qb3 55.c4 Qd3 56.Qf8+ Kh7 57.Qf5+ Qxf5
58.gxf5 Kh6 59.Kf3 Kg5 60.Ke4  1-0

[Event "IX EICC"]
[Site "Plovdiv BUL"]
[Date "2008.05.01"]
[Round "10"]
[White "Stefansson,H"]
[Black "Sebenik,M"]
[Result "1-0"]
[WhiteElo "2583"]
[BlackElo "2502"]

1.e4 d6 2.d4 Nf6 3.Nc3 e5 4.Nf3 Nbd7 5.Bc4 Be7 6.O-O O-O 7.Re1 c6 8.a4 b6
9.Ba2 a6 10.h3 Rb8 11.Be3 b5 12.Nd2 Bb7 13.Ne2 exd4 14.Nxd4 Re8 15.Nf5 Bf8
16.Bf4 Ne5 17.b4 Bc8 18.Bb3 Be6 19.axb5 axb5 20.Nd4 Bxb3 21.N2xb3 Qb6 22.Bg5 Ned7
23.Qf3 d5 24.exd5 Nxd5 25.c3 Re5 26.Rxe5 Nxe5 27.Qg3 Re8 28.Nf5 Ng6 29.Bd2 Qd8
30.Nbd4 Qd7 31.h4 Nf6 32.Qh3 h6 33.Qf3 Ne4 34.Be1 Qd5 35.Ne3 Qd6 36.h5 Nf4
37.Nef5 Qe5 38.Kf1 Ng5 39.Qxc6 Nd3 40.Bd2 Ne4 41.Be3 Nf6 42.Qxb5 Qh2 43.Ng3 Rxe3
44.fxe3 Qxg3 45.Qxd3 Ng4 46.Qe2 Nxe3+ 47.Kg1 Bd6 48.Qf3 Qg5 49.Qe4 f5 50.Qe6+  1-0

[Event "IX EICC"]
[Site "Plovdiv BUL"]
[Date "2008.05.01"]
[Round "10"]
[White "Areshchenko,A"]
[Black "Bocharov,D"]
[Result "1-0"]
[WhiteElo "2650"]
[BlackElo "2569"]

1.e4 d6 2.d4 Nf6 3.Nc3 e5 4.Nf3 Nbd7 5.Bc4 Be7 6.O-O O-O 7.a4 c6 8.Re1 b6
9.h3 a6 10.d5 c5 11.Qd3 Ne8 12.Ne2 Nc7 13.Ng3 Rb8 14.Ba2 b5 15.Bd2 Nf6 16.b4 c4
17.Qe2 Nfe8 18.Bb1 g6 19.Bh6 Ng7 20.c3 Bd7 21.Bc2 f5 22.exf5 gxf5 23.axb5 axb5
24.Nd4 exd4 25.Qxe7 Rf7 26.Qxd6 d3 27.Bxg7 Ne8 28.Qf4 Nxg7 29.Bd1 Rb6 30.Bf3 h6
31.h4 Qf6 32.Re5 Re7 33.Rxe7 Qxe7 34.Nf1 Qd6 35.Qd4 Rb8 36.Ne3 f4 37.Ng4 Bxg4
38.Bxg4 Re8 39.h5 Re5 40.Ra8+ Kh7 41.Bf3 Qe7 42.Qxf4 Nxh5 43.Qd4 Re1+ 44.Kh2 Qd6+
45.g3 Nf6 46.Ra7+ Kg6 47.Kg2 Qe5 48.Qb6 d2 49.Qb7 Qxc3 50.Qg7+ Kf5 51.Bg4+ Ke5
52.Qe7+ Kxd5 53.Qc5+ Ke4 54.Bf5+  1-0

[Event "IX EICC w"]
[Site "Plovdiv BUL"]
[Date "2008.05.01"]
[Round "10"]
[White "Hairapetian,A"]
[Black "Srebrnic,A"]
[Result "0-1"]
[WhiteElo "2115"]
[BlackElo "2283"]

1.e4 d6 2.d4 Nf6 3.Nc3 e5 4.Nf3 Nbd7 5.Bc4 Be7 6.O-O c6 7.a4 O-O 8.h3 b6
9.Bg5 Bb7 10.Re1 a6 11.d5 cxd5 12.Nxd5 Bxd5 13.exd5 Ne8 14.Bxe7 Qxe7 15.Qe2 Nc7
16.Ra3 Qf6 17.Nd2 Qh6 18.Ba2 b5 19.Rc3 Rfc8 20.Ne4 bxa4 21.Rc6 Nb5 22.Qg4 Rxc6
23.dxc6 Nb6 24.Ng5 Rf8 25.c4 Nd4 26.c5 dxc5 27.c7 Nb3 28.Bb1 g6 29.Rxe5 Qg7
30.Nf3 Qf6 31.Bf5 Nd4 32.Rxc5 Nxf5 33.Rxf5 Qxf5  0-1

[Event "IX EICC"]
[Site "Plovdiv BUL"]
[Date "2008.05.01"]
[Round "10"]
[White "Socko,B"]
[Black "Markowski,T"]
[Result "1/2-1/2"]
[WhiteElo "2644"]
[BlackElo "2598"]

1.e4 d6 2.d4 Nf6 3.Nc3 e5 4.Nge2 Be7 5.g3 c6 6.Bg2 Nbd7 7.h3 h5 8.Be3 b5
9.a3 Bb7 10.O-O O-O 11.d5 cxd5 12.exd5 a6 13.f4 Rc8 14.fxe5 Nxe5 15.Bd4 Qc7
16.Nf4 g6 17.Qe2 Nfd7 18.Rad1 Bf6 19.Nxh5 gxh5 20.Qxh5 Bg7 21.Be4 Ng6 22.Bxg6 fxg6
23.Qxg6 Rxf1+ 24.Rxf1 Nf8 25.Qg4 Nh7 26.Ne4 Rd8 27.Bxg7 Qxg7 28.Qe6+ Kh8
29.Rf7 Qd4+ 30.Kh2 Bxd5 31.Rxh7+ Kxh7 32.Nf6+ Kh8 33.Nxd5 Qd2+ 34.Kg1 Qd1+
35.Kg2 Qxc2+ 36.Kf3 Qb3+ 37.Ke4 Qc4+ 38.Ke3 Qc1+ 39.Kd3 Qd1+ 40.Kc3 Qc1+
41.Kd3 Qd1+ 42.Ke4  1/2-1/2

[Event "26th Liechtenstein Open"]
[Site "Triesen LIE"]
[Date "2008.05.01"]
[Round "7"]
[White "Grabher,H"]
[Black "Sarmir,M"]
[Result "1-0"]
[WhiteElo "2258"]
[BlackElo "2107"]

1.e4 c6 2.Nc3 d6 3.d4 Nf6 4.f4 Qc7 5.Nf3 Bg4 6.e5 Nd5 7.Ne4 e6 8.c4 Nb6 9.exd6 Qd8
10.c5 Nd5 11.h3 Bxf3 12.Qxf3 Nd7 13.Bd3 g6 14.O-O Bg7 15.Qf2 O-O 16.Bd2 b6
17.b4 f5 18.Ng5 Qf6 19.Nf3 a5 20.Ne5 Rfd8 21.Nxc6 axb4 22.Nxd8 Qxd8 23.c6 Nf8
24.d7 Qc7 25.Rfc1 Nc3 26.Bxc3 bxc3 27.Bb5 Qd6 28.Rd1 c2 29.Qxc2 Bxd4+ 30.Kh1 Qxf4
31.Rxd4 Qxd4 32.Rd1 Qe5 33.c7 Nxd7 34.Bxd7  1-0

[Event "Stuttgarter Stadtmeisterschaft A"]
[Site "Ditzingen GER"]
[Date "2008.05.02"]
[Round "3"]
[White "Raykhman,A"]
[Black "Eisenbeiser,A"]
[Result "1-0"]
[WhiteElo "2242"]
[BlackElo "2422"]

1.e4 d6 2.d4 Nf6 3.Nc3 e5 4.Nf3 Nbd7 5.Bc4 Be7 6.O-O O-O 7.a4 c6 8.Ba2 b6
9.Re1 a6 10.h3 Rb8 11.d5 cxd5 12.Nxd5 Nxd5 13.Bxd5 Kh8 14.c3 Nc5 15.b4 Ne6
16.Be3 Nc7 17.Bc6 Bb7 18.Bxb7 Rxb7 19.Qd3 Qc8 20.Nd2 Qe6 21.Nc4 Rfb8 22.Red1 Ne8
23.Rac1 b5 24.Na5 Rc7 25.c4 bxc4 26.Nxc4 Rxb4 27.Nb6 a5 28.Qa6 Kg8 29.Qxa5 Rb3
30.Qa8 Bf8 31.a5 Rcc3 32.Nd5 Rxc1 33.Rxc1 Nf6 34.Rc8  1-0

[Event "It"]
[Site "Gyumri ARM"]
[Date "2008.05.02"]
[Round "7"]
[White "Gabrielian,A"]
[Black "Bagaturov,G"]
[Result "0-1"]
[WhiteElo "2494"]
[BlackElo "2473"]

1.e4 d6 2.d4 Nf6 3.Nc3 e5 4.Nf3 Nbd7 5.Bc4 Be7 6.O-O O-O 7.Re1 c6 8.a4 a5
9.Ba2 h6 10.h3 Re8 11.Nh4 exd4 12.Qxd4 Ne5 13.f4 Nd5 14.exd5 Bxh4 15.Re4 Ng6
16.Bd2 Bf5 17.Rxe8+ Qxe8 18.g4 c5 19.Qc4 Bd7 20.Qe4 f5 21.Qf3 Qf8 22.Rf1 Re8
23.Nb5 Re4 24.c4 Qf6 25.Bb1 Bxb5 26.axb5 Qd4+ 27.Kh1 Qxd2 28.Bxe4 fxe4 29.Qxe4 Bg3
30.Qg2 Bxf4 31.Qxd2 Bxd2 32.b3 b6 33.Kg2 Ne5 34.Kf2 a4 35.Ke2 Bb4 36.bxa4 Nxc4
37.Kd3 Nb2+ 38.Kc2 Nc4 39.Kd3 Nb2+ 40.Kc2 Nxa4 41.Kb3 Nc3 42.Kc4 Ne4 43.Rf4 Nf6
44.Rf2 Nd7 45.Kb3 Ne5 46.Kc2 c4 47.Rf4 Be1 48.Re4 Ba5 49.Rf4 Be1 50.Re4 Bh4
51.Rf4 Bf6 52.Re4 Kf7 53.Rf4 Kg6  0-1

[Event "III Tch-ESP Selecciones Autonomicas"]
[Site "Melilla ESP"]
[Date "2008.05.02"]
[Round "4"]
[White "Fluvia Poyatos,Jor"]
[Black "Cuenca Jimenez,J"]
[Result "1-0"]
[WhiteElo "2504"]
[BlackElo "2455"]

1.e4 d6 2.d4 Nf6 3.Nc3 e5 4.Nf3 Nbd7 5.Bc4 Be7 6.O-O O-O 7.Re1 c6 8.a4 b6
9.b3 Bb7 10.d5 cxd5 11.Nxd5 Rc8 12.Re2 Nxd5 13.Bxd5 Bxd5 14.Qxd5 Nf6 15.Qd1 d5
16.exd5 e4 17.Ng5 Nxd5 18.Nxe4 Nb4 19.Rd2 Qc7 20.Bb2 Qf4 21.Qe2 Rfe8 22.Re1 Bf8
23.g3 Qh6 24.Qd1 Qg6 25.Rde2 Red8 26.Qb1 Nd5 27.Kh1 f5 28.c4 Nb4 29.Nc3 Qg4
30.Rd1 Qf3+ 31.Kg1 Bc5 32.Red2 Re8 33.Nd5 Nxd5 34.cxd5 Re2 35.Rxe2 Qxe2 36.Bd4 Bxd4
37.Rxd4 Rc2 38.Qf1 Qxf1+ 39.Kxf1 Kf7 40.Kg2 Rb2 41.d6 Ke8 42.d7+ Kd8 43.Rd3 Re2
44.Kf3 Rc2 45.h4 g6 46.Ke3 Rb2 47.f3 Rg2 48.Kf4 Rg1 49.Rd2 Rb1 50.Rd3 Rg1
51.g4 fxg4 52.fxg4 Rg2 53.Rd4 Rg1 54.Ke5 Rh1 55.Kd6 Rf1 56.Kc6 Rf6+ 57.Kb7 a5
58.g5 Rf3 59.Kxb6 Rxb3+ 60.Kxa5 Rb1 61.Ka6 Rb2 62.a5 Rb1 63.Ka7 Rb2 64.a6 Rb1
65.Rd6 Rb2 66.Rb6 Rc2 67.Kb8  1-0

[Event "IX EICC"]
[Site "Plovdiv BUL"]
[Date "2008.05.02"]
[Round "11"]
[White "Arnaudov,P"]
[Black "Kostic,Neb"]
[Result "1-0"]
[WhiteElo "2162"]
[BlackElo "2334"]

1.d4 d6 2.e4 Nf6 3.Nc3 c6 4.f4 Qa5 5.Bd3 e5 6.Nf3 Bg4 7.dxe5 dxe5 8.h3 Bxf3
9.Qxf3 Nbd7 10.f5 h6 11.O-O Be7 12.Qg3 Kf8 13.Kh1 b5 14.Bd2 Qc7 15.a4 b4
16.Nd1 a5 17.Ne3 Nb6 18.Qf3 Kg8 19.Nc4 Nfd7 20.Be3 Kh7 21.h4 Rhf8 22.f6 Bxf6
23.Nxb6 Nxb6 24.Qf5+ Kg8 25.Bxh6 Qc8 26.Qh5 Qe6 27.Be3 Nd7 28.b3 g6 29.Qh6 Qg4
30.Rf3 Qxh4+ 31.Qxh4 Bxh4 32.Bh6 Bf6 33.Bxf8 Kxf8 34.Raf1 Ke7 35.Bc4 Rh8+
36.Kg1 Rh4 37.Bd3 g5 38.g3 Rh6 39.Kg2 Nc5 40.Re3 Nxd3 41.Rxd3 Ke6 42.Rfd1 Be7
43.Rd7  1-0

[Event "IX EICC"]
[Site "Plovdiv BUL"]
[Date "2008.05.02"]
[Round "11"]
[White "Kozhuharov,S"]
[Black "Stamenkov,V"]
[Result "1/2-1/2"]
[WhiteElo "2433"]
[BlackElo "2350"]

1.d4 d6 2.e4 Nf6 3.Nc3 e5 4.Nf3 Nbd7 5.Bc4 Be7 6.O-O O-O 7.Re1 c6 8.a4 b6
9.d5 Bb7 10.b3 cxd5 11.Nxd5 Nxd5 12.Bxd5 Bxd5 13.Qxd5 Nf6 14.Qd1 a6 15.Bg5 Ne8
16.Bxe7 Qxe7 17.Nd2 Qb7 18.Nc4 Rd8 19.Nxe5 Nf6 20.Nc4 Nxe4 21.Qd4 Nc5 22.Rad1 d5
23.Ne3 Ne6 24.Qe5 d4 25.Nf5 Rd7 26.Rxd4 Rxd4 27.Nxd4 Nxd4 28.Qxd4 b5 29.h3 h6
30.Re3 Rc8 31.Rg3 g6 32.axb5 axb5 33.Re3 Qc7 34.c3 Rd8 35.Qe5 Rd1+ 36.Kh2 Qxe5+
37.Rxe5 Rd3 38.Re3 Rd2 39.f4 h5 40.h4 Kg7 41.Kg1 Kf6 42.Kf1 Kf5 43.g3 Kg4
44.b4 Rc2 45.Rd3 Kh3  1/2-1/2

[Event "IX EICC"]
[Site "Plovdiv BUL"]
[Date "2008.05.02"]
[Round "11"]
[White "Beliavsky,A"]
[Black "Czebe,A"]
[Result "1/2-1/2"]
[WhiteElo "2641"]
[BlackElo "2513"]

1.d4 d6 2.e4 Nf6 3.Nc3 e5 4.Nf3 Nbd7 5.Bc4 Be7 6.O-O O-O 7.Re1 c6 8.a4 h6
9.h3 Qc7 10.b3 Re8 11.Bb2 Nf8 12.Bf1 Ng6 13.g3 Bd7 14.Bg2 Bf8 15.Qd2 Rad8
16.Rad1 a6 17.Na2 b5 18.Bc3 Ra8 19.Ba5 Qc8 20.Kh2 c5 21.dxe5 dxe5 22.Nc3 Bc6
23.Nd5 Bxd5 24.exd5 e4 25.Ng1 Bd6 26.Bc3 Ne5 27.Kh1 Qf5 28.Qe2 Ned7 29.axb5 axb5
30.Bd2 Ra2 31.Be3 Nxd5 32.Rd2 Nc3 33.Qg4 Qxg4 34.hxg4 Ra6 35.Ne2 Nxe2 36.Rdxe2 Ne5
37.Bxe4 Nxg4 38.Bd3 Rb6 39.Kg2 Nxe3+ 40.Rxe3 Rxe3 41.Rxe3 Kf8 42.Re1 Bc7
43.Ra1  1/2-1/2

[Event "IX EICC T/B WChQual"]
[Site "Plovdiv BUL"]
[Date "2008.05.03"]
[Round "1.1"]
[White "Efimenko,Z"]
[Black "Markowski,T"]
[Result "0-1"]
[WhiteElo "2660"]
[BlackElo "2598"]

1.e4 d6 2.d4 Nf6 3.Nc3 e5 4.Nf3 Nbd7 5.Bc4 Be7 6.O-O O-O 7.Re1 c6 8.a4 b6
9.b3 Bb7 10.Bb2 a6 11.Bd3 g6 12.Ne2 exd4 13.Bxd4 c5 14.Bxf6 Bxf6 15.Rb1 Ne5
16.Nf4 Re8 17.Nd5 Bxd5 18.exd5 Qd7 19.Nxe5 Bxe5 20.Qf3 b5 21.axb5 axb5 22.g3 b4
23.Kg2 Bc3 24.Rxe8+ Rxe8 25.h4 h5 26.Rf1 Kg7 27.Bc4 Re5 28.Bd3 Qe7 29.Rd1 Qb7
30.Bc4 Bd4 31.Rf1 Qa8 32.Qd3 Qa2 33.Qd2 Qa7 34.Qd3 Qe7 35.Qd2 Bc3 36.Qd3 Re4
37.Qf3 Bf6 38.Rd1 Bc3 39.Bd3 Re5 40.Rf1 Bd4 41.Bc4 Qb7 42.Qd3 Qa7 43.Qd2 Qe7
44.Qd3 Re4 45.Qf3 Rg4 46.Kh1 Bf6 47.Qe2 Re4 48.Qd2 Bxh4 49.Bd3 Re5 50.Kg2 Bf6
51.Bc4 Re4 52.Rh1 Qe5 53.Qd3 h4 54.gxh4 Rg4+ 55.Kf1 Qa1+  0-1

[Event "4NCL 2007-8"]
[Site "Wokefield Park ENG"]
[Date "2008.05.03"]
[Round "9"]
[White "Tan,Des"]
[Black "Lauterbach,I"]
[Result "1/2-1/2"]
[WhiteElo "2316"]
[BlackElo "2159"]

1.e4 d6 2.d4 Nf6 3.Nc3 Nbd7 4.Nf3 e5 5.Bc4 Be7 6.O-O O-O 7.a4 c6 8.Qe2 b6
9.Rd1 Qc7 10.d5 Bb7 11.dxc6 Bxc6 12.Bg5 h6 13.Bxf6 Nxf6 14.Nd5 Bxd5 15.Bxd5 Nxd5
16.Rxd5 Rac8 17.c3 Qc4 18.Qxc4 Rxc4 19.Nd2 Rc5 20.Rxc5 dxc5 21.Nc4 f6 22.Kf1 Kf7
23.Ke2 Ke6 24.Ne3 g6 25.f3 f5 26.Rd1 fxe4 27.fxe4 Rf4 28.Kd3 Rf2 29.Rd2 Rxd2+
30.Kxd2 Bg5 31.c4 a5 32.Ke2 Bxe3 33.Kxe3 Kf6 34.Kf3 h5 35.h4 Ke6 36.g4 Kf6
37.gxh5 gxh5 38.b3  1/2-1/2

[Event "4NCL 2007-8"]
[Site "Wokefield Park ENG"]
[Date "2008.05.03"]
[Round "9"]
[White "Webb,L"]
[Black "Shaw,J"]
[Result "0-1"]
[WhiteElo "2304"]
[BlackElo "2458"]

1.e4 d6 2.d4 Nf6 3.Nc3 e5 4.Nf3 Nbd7 5.Bc4 Be7 6.O-O O-O 7.Re1 c6 8.a4 b6
9.d5 cxd5 10.Nxd5 Bb7 11.b3 Rc8 12.Ba3 Nxd5 13.Bxd5 Bxd5 14.exd5 f5 15.c4 a5
16.Qe2 Rf7 17.b4 Qc7 18.Rac1 axb4 19.Bxb4 Bf6 20.Red1 Nc5 21.Qc2 g6 22.h4 Qd8
23.Bxc5 bxc5 24.Rb1 Ra8 25.Rb5 Rfa7 26.Rdb1 Rxa4 27.Rb8 Rxb8 28.Rxb8 Ra1+
29.Rb1 Rxb1+ 30.Qxb1 e4 31.Ng5 Bxg5 32.hxg5 h6 33.gxh6 Kh7 34.Qb7+ Kxh6 35.Qf7 Kg5
36.g3 Qh8 37.Qe7+ Kg4 38.Qxd6 Kh3 39.Qa6 Qb2 40.Kf1 Qc1+ 41.Ke2 Qc2+ 42.Ke1 Kg2
43.d6 Qxf2+ 44.Kd1 e3  0-1

[Event "4NCL 2007-8"]
[Site "Wokefield Park ENG"]
[Date "2008.05.04"]
[Round "10"]
[White "Rendle,T"]
[Black "Hague,B"]
[Result "1/2-1/2"]
[WhiteElo "2393"]
[BlackElo "2266"]

1.e4 d6 2.d4 Nf6 3.Nc3 Nbd7 4.Nf3 e5 5.g3 Be7 6.Bg2 c6 7.a4 O-O 8.O-O a5
9.Re1 Qb6 10.b3 exd4 11.Qxd4 d5 12.Qxb6 Nxb6 13.e5 Ne8 14.Ne2 Nc7 15.Nf4 Bb4
16.Re3 Bc5 17.Re2 Bf5 18.Nd3 Bxd3 19.cxd3 Nd7 20.d4 Bb4 21.Be3 Ne6 22.Rd1 Nb8
23.Nh4 f5 24.exf6 Rxf6 25.f4 g6 26.Bf2 Na6 27.Nf3 Re8 28.Ne5 g5 29.Ng4 Rff8
30.f5 h5 31.fxe6 hxg4 32.Be1 Rf6 33.Re5 Rexe6 34.Rxg5+ Rg6 35.Rxg6+ Rxg6
36.Bf2 Re6 37.h3 gxh3 38.Bxh3 Re2 39.Bc8 Bc3 40.Bxb7 Nb4 41.Rc1 Bb2 42.Rxc6 Nxc6
43.Bxc6 Rxf2 44.Kxf2 Bxd4+ 45.Kf3 Bc3 46.b4 Bxb4  1/2-1/2

[Event "4NCL 2007-8"]
[Site "Wokefield Park ENG"]
[Date "2008.05.04"]
[Round "10"]
[White "Churm,R"]
[Black "Berry,N"]
[Result "1/2-1/2"]
[WhiteElo "2189"]
[BlackElo "2319"]

1.e4 d6 2.d4 Nf6 3.Nc3 e5 4.Nf3 Nbd7 5.h3 c6 6.Be3 b5 7.a3 Bb7 8.dxe5 dxe5
9.Be2 Be7 10.O-O O-O 11.Ne1 a5 12.f3 Bc5 13.Qc1 Qb6 14.Nd1 Nh5 15.Nd3 Nf4
16.Re1 Nxd3 17.Bxd3 Rfd8 18.Bxc5 Qxc5+ 19.Qe3 Qxe3+ 20.Nxe3 Nc5 21.Be2 Rd2
22.Kf1 Ne6 23.Red1 Rxd1+ 24.Rxd1 Nc5 25.Nf5 g6 26.Nd6 Bc8 27.b4 axb4 28.axb4 Ne6
29.Nxc8 Rxc8 30.Ra1  1/2-1/2

[Event "4NCL 2007-8"]
[Site "Wokefield Park ENG"]
[Date "2008.05.04"]
[Round "10"]
[White "Hebden,M"]
[Black "Ledger,A"]
[Result "1-0"]
[WhiteElo "2530"]
[BlackElo "2424"]

1.d4 d6 2.e4 Nf6 3.Nc3 e5 4.dxe5 dxe5 5.Qxd8+ Kxd8 6.Bc4 Ke8 7.Nf3 Bd6 8.Bg5 Nbd7
9.O-O-O a6 10.Bb3 h6 11.Bh4 b5 12.Rhe1 Bb7 13.Bxf6 Nxf6 14.Nd5 Nxd5 15.Bxd5 Rb8
16.Bxb7 Rxb7 17.Rd5 f6 18.Nh4 Kd7 19.Red1 Rb6 20.R1d3 Ke6 21.Rg3 g5 22.Nf5 Rbb8
23.h4 gxh4 24.Rg7 Rbe8 25.f4  1-0

[Event "4NCL 2007-8"]
[Site "Sunningdale ENG"]
[Date "2008.05.05"]
[Round "11"]
[White "Sasu Ducsoara,An"]
[Black "Lauterbach,I"]
[Result "1-0"]
[WhiteElo "2247"]
[BlackElo "2148"]

1.e4 d6 2.d4 Nf6 3.Nc3 Nbd7 4.Nf3 e5 5.Bc4 Be7 6.O-O O-O 7.Re1 c6 8.a4 b6
9.h3 Bb7 10.Ba2 a6 11.Be3 b5 12.dxe5 dxe5 13.Nd2 Bb4 14.Ncb1 Bc5 15.Qe2 Bxe3
16.Qxe3 c5 17.axb5 axb5 18.Nc3 Bc6 19.Bd5 Qb6 20.b3 Qb7 21.Bxc6 Qxc6 22.Qd3 b4
23.Nd5 Nxd5 24.exd5 Qb7 25.Nc4 Rxa1 26.Rxa1 Rd8 27.Na5 Qa8 28.Qd1 Re8 29.Nc6 Qc8
30.Ra7 g6 31.Qg4 f5 32.Qg5 Kg7 33.Ne7 Qd8 34.Nxf5+ Kh8 35.Qxd8 Rxd8 36.Nh6 Kg7
37.Ng4 Kf8 38.Rc7 Ke8 39.Kf1 Ra8 40.Ke2 Ra2 41.Ne3 e4 42.Kd2 Ra6 43.Nc4 Kd8
44.Rc6 Rxc6 45.dxc6 Nf6 46.Ne5 Nd5 47.Nd7 c4 48.bxc4 Nf4 49.g3 Nxh3 50.Ke3 Kc7
51.Nf6 Ng5 52.Kf4 Nh3+ 53.Ke3 Ng5 54.Nd5+ Kxc6 55.Nxb4+ Kc5 56.Nd5 Kxc4 57.Nf6 h6
58.Ng4 Nf7 59.Kxe4 Kc3 60.Ne5 Ng5+ 61.Ke3 Kxc2 62.Nxg6 Kc3 63.f4 Nh7 64.Ne5 Nf6
65.f5 h5 66.Kf4 Kd4 67.Nf3+ Kd5 68.Nd2 Ng4 69.Ne4 Kd4 70.f6 Ne5 71.Kf5 Kd5
72.Ng5 Nd7 73.Nh3 Kd4 74.Nf4 h4 75.gxh4 Nf8 76.Ng6 Nh7 77.Ne5 Nf8 78.h5 Kd5
79.h6 Kd6 80.Ng6 Nh7 81.f7  1-0

[Event "Panamericano w"]
[Site "San Salvador ESA"]
[Date "2008.05.06"]
[Round "1"]
[White "Arribas Robaina,M"]
[Black "Avelar,G"]
[Result "1/2-1/2"]
[WhiteElo "2348"]
[BlackElo "1966"]

1.e4 d6 2.d4 Nf6 3.Nc3 Nbd7 4.Bc4 e5 5.Nf3 Be7 6.O-O O-O 7.Qe2 c6 8.dxe5 dxe5
9.a4 Qc7 10.Bg5 Nc5 11.h3 Be6 12.b4 Bxc4 13.Qxc4 Ne6 14.Be3 a5 15.bxa5 Rxa5
16.Rab1 Bc5 17.Bd2 Rfa8 18.Ng5 Nxg5 19.Bxg5 Nd7 20.Rfd1 Nb6 21.Qd3 f6 22.Bd2 Qd8
23.Qxd8+ Rxd8 24.Nd5 Rxa4 25.Be3 Nxd5 26.Bxc5 Rxe4 27.Rxb7 Rc4 28.Be3 Ra8
29.Rdb1 Nxe3 30.fxe3 Rxc2 31.Rc7 Kh8 32.Rbb7 Rg8 33.Kh2 c5 34.Rb5 Ra8 35.Ra7 Rd8
36.Rd7 Rg8 37.Rc7 c4 38.Rbc5 h6 39.Rxc4 Rxc4 40.Rxc4 Rd8 41.Kg3 Kh7 42.Ra4 Rd7
43.Rb4 Kg6 44.Rg4+ Kf7 45.Ra4 Ke6 46.Kf3 Rd1 47.Ra7 Rd7 48.Ra4 Rd1 49.Ra7 Rd7
50.Ra4  1/2-1/2

[Event "II Magistral de Colonia"]
[Site "Colonia del Sacramento URU"]
[Date "2008.05.08"]
[Round "7"]
[White "Larrea,M"]
[Black "Bertona,F"]
[Result "1/2-1/2"]
[WhiteElo "2342"]
[BlackElo "2425"]

1.e4 d6 2.d4 Nf6 3.Nc3 e5 4.dxe5 dxe5 5.Qxd8+ Kxd8 6.Nf3 Bd6 7.Bc4 Be6 8.Bxe6 fxe6
9.Be3 Ke7 10.O-O-O Nc6 11.Rd2 Rhb8 12.Ne1 Bb4 13.f3 Bxc3 14.bxc3 Na5 15.Nd3 Nc4
16.Re2 a5 17.Nb2 Nxb2 18.Kxb2 Ne8 19.Rd1 Nd6 20.Bc5 b6 21.Bxd6+ cxd6 22.Red2 Rd8
23.Rd3 Rac8 24.Kb3 b5 25.Ra1 Rc4 26.a3 Rdc8 27.Rad1 Rd8 28.R1d2 h6 29.Rd1 Rc6
30.R1d2 Rdc8 31.Kb2 g5 32.Kb3 Rd8 33.Rd1 Kd7 34.h4 Rg8 35.hxg5 Rxg5 36.g4 Kc7
37.Rh1 Rg6 38.Rh5 Rb6 39.Rd2 Rf6 40.Rd3 Rb8 41.g5 hxg5 42.Rxg5 Rbf8 43.Rg7+ R8f7
44.Rxf7+ Rxf7 45.a4 bxa4+ 46.Kxa4 Kc6 47.Kxa5 Kc5 48.Ka4 Rb7 49.Ka3 d5 50.exd5 exd5
51.Re3 Kd6 52.Re1 Rf7 53.Re3 Rb7 54.Re1 Rb8 55.Rh1 e4 56.fxe4 dxe4 57.c4 Ke5
58.Re1 Kd4 59.c5 e3 60.Ka4 Kc4 61.Ka3 Re8 62.c6 Kc3 63.Ka4 Kc4 64.Ka3 Kc3
65.Ka4 Kc4 66.Ka3 Kc3  1/2-1/2

[Event "X Open"]
[Site "Salou ESP"]
[Date "2008.05.08"]
[Round "1"]
[White "Leon Hoyos,M"]
[Black "Suuronen,P"]
[Result "1-0"]
[WhiteElo "2490"]
[BlackElo "1931"]

1.e4 d6 2.d4 Nf6 3.Nc3 e5 4.Nf3 Nbd7 5.g4 g6 6.g5 Nh5 7.Be3 Bg7 8.Qd2 O-O
9.O-O-O Nb6 10.Rg1 Be6 11.b3 a5 12.a4 Qe7 13.Kb1 f5 14.d5 Bd7 15.Qe1 fxe4
16.Nd2 Nf4 17.Ndxe4 Bh3 18.Bxf4 Bxf1 19.Nf6+ Bxf6 20.gxf6 Rxf6 21.Bg5 Bh3
22.Ne4  1-0

[Event "Panamericano w"]
[Site "San Salvador ESA"]
[Date "2008.05.08"]
[Round "4"]
[White "Zepeda,L"]
[Black "Arribas Robaina,M"]
[Result "1/2-1/2"]
[WhiteElo "2145"]
[BlackElo "2348"]

1.e4 d6 2.d4 Nf6 3.Nc3 c6 4.Nf3 Bg4 5.Be2 Nbd7 6.Bf4 Qa5 7.O-O e5 8.Be3 Be7
9.Qd2 O-O 10.h3 Bxf3 11.Bxf3 Rfe8 12.dxe5 dxe5 13.Nd5 Qd8 14.Nxf6+ Nxf6 15.Qxd8 Rexd8
16.Rfd1 Kf8 17.Rxd8+ Bxd8 18.Rd1 Ke8 19.Kf1 Bb6 20.Bg5 Nd7 21.Be2 Nc5 22.f3 Ne6
23.Bc1 Rd8 24.Rxd8+ Kxd8 25.Bc4 Ke7 26.Bxe6 Kxe6 27.Ke2 h5 28.g4 g6 29.b3 hxg4
30.hxg4 f5 31.gxf5+ gxf5 32.Kd3 Bf2  1/2-1/2